000 00341nam a2200145Ia 4500
005 20251222153642.0
008 251222s9999||||xx |||||||||||||| ||spa||
020 _a8430921990
082 _a346.46/P75/V.I
100 _aDíez-Picazo, Luis
245 0 _aSistema de Derecho Civil
250 _a6a. ed.
264 _bTecnos
942 _cLIB
999 _c32789
_d32789